Ang alamat ni malakas at maganda (Record no. 21821)
| 000 -LEADER | |
|---|---|
| fixed length control field | 00598nam a22001577a 4500 |
| 003 - CONTROL NUMBER IDENTIFIER | |
| control field | OSt |
| 005 - DATE AND TIME OF LATEST TRANSACTION | |
| control field | 20260122161540.0 |
| 008 - FIXED-LENGTH DATA ELEMENTS--GENERAL INFORMATION | |
| fixed length control field | 260122b xxua|||| |||| 00| 0 eng d |
| 040 ## - CATALOGING SOURCE | |
| Transcribing agency | csu |
| 100 ## - MAIN ENTRY--PERSONAL NAME | |
| Personal name | Enriquez, Nina |
| Relator term | author. |
| 245 ## - TITLE STATEMENT | |
| Title | Ang alamat ni malakas at maganda |
| Statement of responsibility, etc | muling isinlaysay ni Nina Enri : guhit ni Randy Torres : kulay at disenyo ni Regde Bayani |
| 260 ## - PUBLICATION, DISTRIBUTION, ETC. (IMPRINT) | |
| Place of publication, distribution, etc | [Place of publication not identified] : |
| Name of publisher, distributor, etc | [name of publisher not identified], |
| Date of publication, distribution, etc | [date of publication not identified]. |
| 300 ## - PHYSICAL DESCRIPTION | |
| Extent | 24 pages : |
| Other physical details | color illustrations. |
| 700 ## - ADDED ENTRY--PERSONAL NAME | |
| Personal name | Torres, Randy |
| Relator term | gumuhit. |
| 942 ## - ADDED ENTRY ELEMENTS (KOHA) | |
| Source of classification or shelving scheme | |
| Koha item type | Books |
| Price effective from | Permanent Location | Date last seen | Not for loan | Date acquired | Source of classification or shelving scheme | Koha item type | Lost status | Withdrawn status | Copy number | Source of acquisition | Materials specified (bound volume or other part) | Collection code | Damaged status | Barcode | Shelving location | Current Location | Full call number |
|---|---|---|---|---|---|---|---|---|---|---|---|---|---|---|---|---|---|
| 2026-01-22 | Cagayan State University - Carig Library | 2026-01-22 | 2026-01-22 | Books | 1 | Donations | Children Section | C000671 | Children Section | Cagayan State University - Carig Library | CS C671 E595 | ||||||
| 2026-01-21 | Cagayan State University - Carig Library | 2026-01-27 | 2026-01-27 | Books | 2 | Donations | 2026-01-19 | Children Section | C000878 | Children Section | Cagayan State University - Carig Library | CS C878 E595 | |||||
| 2026-01-21 | Cagayan State University - Carig Library | 2026-01-27 | 2026-01-27 | Books | 3 | Donations | 2026-01-19 | Children Section | C000879 | Children Section | Cagayan State University - Carig Library | CS C879 E595 | |||||
| 2026-01-21 | Cagayan State University - Carig Library | 2026-01-27 | 2026-01-27 | Books | 4 | Donations | 2026-01-19 | Children Section | C000880 | Children Section | Cagayan State University - Carig Library | CS C880 E595 | |||||
| 2026-01-21 | Cagayan State University - Carig Library | 2026-01-27 | 2026-01-27 | Books | 5 | Donations | 2026-01-19 | Children Section | C000881 | Children Section | Cagayan State University - Carig Library | CS C881 E595 | |||||
| 2026-01-21 | Cagayan State University - Carig Library | 2026-01-27 | 2026-01-27 | Books | 6 | Donations | 2026-01-19 | Children Section | C000882 | Children Section | Cagayan State University - Carig Library | CS C882 E595 |